01492 a2200157 45000010006000000050017000060080041000230030015000640400040000790800022001192450086001412640028002273000019002555051033002741000027013073088720260407155617.0260407a1956 arg spa dAR-UNSa-BCEJYS aAR-UNSa-BCEJYSbspacAR-UNSa-BCEJYS a657xContabilidad10aContabilidad industrialpaplicada a las empresas transformadoras y distribuidoras 1aMadrid :bAguilarc1956 a307 p.c22 cm. aPrimera Prate: Contabilidad aplicada a empresas transformadoras: 1. Elementos que intervienen en la contabilidad industrial - 2. Cuentas de activo inmovilizado - 3. Cuenta "Materiales" - 4. Cuenta "Materiales" - 5. Cuenta "Mano de obra" - 6. Aplicación de Mano de Obra - 7. Servicios de fábrica - 8. Depreciación - 9. Depreciación - 10. Depreciación - 11. Aplicación de servicios de fábrica - 12. Aplicación de servicios de fábrica - 13. Aplicación de servicios de fábrica - 14. Aplicación de servicios de fábrica - 15. Artículos en curso de elaboración - 16. Ordenes de fabricación - 17. Valoración para el balance de artículos en curso de fabricación - 18. Valoración para el balance de artículos en curso de fabricación - 19. Artículos terminados - 20. Ajustes - 21. Determinación de resultados - 22. Aplicación práctica del procedimiento - Segunda parte: Contabilidad aplicada a empresas distribuidoras: 23. Costo en la empresa distribuidora - 24. Aplicación práctica 1 aSuarez Franck, Armando